| 000 | 01218cam a2200289 ia4500 | ||
|---|---|---|---|
| 003 | SA-RiAUC | ||
| 005 | 20250711132841.0 | ||
| 008 | 250711s2006 su o g f000 0 ara c | ||
| 020 | _a9960481832 | ||
| 040 |
_aSA-EnSBSSC _bara _cSA-RiAUC _erda |
||
| 043 | _aa-su--- | ||
| 082 | 0 | 4 |
_a953.13 _qSA-RiAUC |
| 090 |
_a953.13 _bم غ ن |
||
| 100 | 1 |
_aالمغنم، علي بن صالح _eمؤلف. |
|
| 245 | 1 | 0 |
_aجواثي ومسجدها : _bدراسة توثيقية حضارية آثارية : الأحساء، المنطقة الشرقية / _cعلي بن صالح المغنم. |
| 264 | 1 |
_aالرياض : _bوزارة التربية والتعليم، وكالة الآثار والمتاحف، _c2006. |
|
| 300 |
_a2 مجلد : _bصور ؛ _c28 سم |
||
| 336 |
_aنص _btxt _2rdacontent _3كتاب |
||
| 337 |
_aبدون وسيط _bn _2rdamedia |
||
| 338 |
_aمجلد _bnc _2rdacarrier |
||
| 500 | _aاهداء من المؤلف | ||
| 650 | 7 |
_aالمساجد _zالسعودية _xتاريخ _2aucsh |
|
| 651 | 7 |
_aالأحساء (السعودية) _xآثار _2aucsh |
|
| 651 | 7 |
_aالمنطقة الشرقية (السعودية) _xآثار _2aucsh |
|
| 942 |
_2ddc _cBOOK |
||
| 949 |
_aSA-JeALM _d250711 _ukhaled123 _n1 |
||
| 999 |
_c9772 _d9772 |
||